| 000 | 00897cam a2200301 a 4500 | ||
|---|---|---|---|
| 999 |
_c4688 _d4688 |
||
| 003 | CaAEU | ||
| 005 | 20220325135519.0 | ||
| 008 | 900119s1989 nyua 0 eng o | ||
| 020 | _a0716720418 | ||
| 040 | _cALUPE UNIVERSITY | ||
| 049 | _aAEU | ||
| 050 |
_aQH 430 _b.S941 1989 |
||
| 055 | 3 |
_aQH 430 _bS9412 1989 |
|
| 090 |
_aQH 430 S94 1989 _bACAL |
||
| 090 | 0 |
_aQH 430 S9412 1989 _bAEU |
|
| 100 | 1 | _aLavett, Diane K. | |
| 245 | 1 | 0 |
_aStudent companion with complete solutions for An introduction to genetic analysis / _cDiane K. Lavett. |
| 250 | _a4th ed. | ||
| 260 |
_aNew York : _bW.H. Freeman, _cc1989. |
||
| 300 |
_ax, 297 p. : _bill. ; _c24 cm. |
||
| 336 |
_atext _btxt _2rdacontent |
||
| 337 |
_aunmediated _bn _2rdamedia |
||
| 338 |
_avolume _bnc _2rdacarrier |
||
| 650 | 0 | _aGenetics. | |
| 650 | 0 |
_aGenetics _xMethodology. |
|
| 700 | 1 |
_aSuzuki, David, _d1936- |
|
| 942 |
_2lcc _cBK _nMM |
||